As maiores cidades da Europa por foto - Statistics

Estatísticas Gerais
  • Esse quiz foi jogado 144 vezes
  • A pontuação média é 9 de 16
Estatísticas das Respostas
Imagem Resposta % Correto
Londres
97%
Paris
97%
Moscou
96%
Roma
96%
Madri
90%
Barcelona
75%
Berlim
75%
Viena
57%
Budapeste
49%
Varsóvia
46%
Kiev
45%
Bucareste
39%
São Petersburgo
35%
Hamburgo
17%
Minsk
17%
Belgrado
15%
Nenhum quiz correspondente encontrado
Distribuição das Pontuações
Porcentagem de Pessoas com Cada Pontuação
Percentil de Números Respondidos
Sua Pontuação Histórica
Você não jogou esse quiz